000
00235nam a2200097Ia 4500
008
120527s9999 xx 000 0 und d
100
_a
YANKELOVICH,Daniel.
245
_a
The magic of dialogue.
260
_b
Nicholas Breatly
942
_c
BK
999
_c
23703
_d
23703